Building information modelling (Record no. 84127)

MARC details
000 -LEADER
fixed length control field 01032cad a22002415a 4500
001 - CONTROL NUMBER
control field L156729
008 - FIXED-LENGTH DATA ELEMENTS--GENERAL INFORMATION
fixed length control field 120702e20120217xxk 000 0 eng d
035 ## - SYSTEM CONTROL NUMBER
System control number (Sirsi) u156729
041 0# - LANGUAGE CODE
Language code of text/sound track or separate title eng
100 1# - MAIN ENTRY--PERSONAL NAME
Personal name Lip, Eugenie
110 2# - MAIN ENTRY--CORPORATE NAME
Corporate name or jurisdiction name as entry element KPK Research
9 (RLIN) 6091
245 00 - TITLE STATEMENT
Title Building information modelling
Remainder of title key contractual perspectives
Medium [electronic resource]
260 ## - PUBLICATION, DISTRIBUTION, ETC.
Date of publication, distribution, etc. 2012
490 ## - SERIES STATEMENT
Series statement Client practice note
Volume/sequential designation January 2012
520 ## - SUMMARY, ETC.
Summary, etc. This paper gives a definition of BIM and explains its uses, then looks at the contractual challenges, design responsibility, discrepancies in contract documents, defects liability and interoperability issues, and intellectual property rights.
590 ## - LOCAL NOTE (RLIN)
Local note KA NTK
651 #4 - SUBJECT ADDED ENTRY--GEOGRAPHIC NAME
Geographic name Singapore
651 #4 - SUBJECT ADDED ENTRY--GEOGRAPHIC NAME
Geographic name International
690 ## - LOCAL SUBJECT ADDED ENTRY--TOPICAL TERM (OCLC, RLIN)
Topical term or geographic name as entry element BIM
9 (RLIN) 6219
700 1# - ADDED ENTRY--PERSONAL NAME
Personal name Quek, Lilin
856 40 - ELECTRONIC LOCATION AND ACCESS
Uniform Resource Identifier <a href="https://www.kpkqs.com/download/KPK%20Research%20Digest%20-%20BIM%20Key%20Contractual%20Perspectives%20-%20Jan%202012%20-%20KPK%20Website.pdf">https://www.kpkqs.com/download/KPK%20Research%20Digest%20-%20BIM%20Key%20Contractual%20Perspectives%20-%20Jan%202012%20-%20KPK%20Website.pdf</a>
Public note View this paper free of charge at www.kpkqs.com
942 ## - ADDED ENTRY ELEMENTS (KOHA)
Suppress in OPAC 0
Holdings
Withdrawn status Lost status Source of classification or shelving scheme Damaged status Not for loan Home library Current library Shelving location Date acquired Total Checkouts Full call number Barcode Date last seen Copy number Price effective from Koha item type
    Dewey Decimal Classification     Virtual Virtual Online 02/07/2012   ONLINE PUBLICATION 156729-2001 06/08/2019 1 06/08/2019 Book